000 02168cam a22005534i 4500
003 PE-LiUPU
005 20250731180140.0
008 150706s r 000 0 d
020 _a9706865434
035 _a(Sirsi) i9789706865434
040 _aPE-LiUPU
_bspa
_cPE-LiUPU
_erda
049 _aPRUA
082 0 4 _a515
_bS79
_221
100 1 _aStewart, James,
_d1941- ,
_eautor.
245 1 0 _aCálculo :
_bconceptos y contextos /
_cJames Stewart ; tr. Joaquín Ramos Santalla, Verónica Hikra García Casanova y Marí Teresa Peñuñuri Santoyo.
250 _a3a
264 1 _aMéxico :
_bEditorial Progreso,
_c2005.
300 _a02 CD-ROM
300 _a978 pág. :
_bilustraciones, gráficos diagr. ;
_c27 centímetros
336 _atext
_2rdacontent
337 _aunmediated
_2rdamedia
338 _avolume
_2rdacarrier
505 0 _aFunciones y modelos -- Límites y derivadas -- Reglas de derivación -- Aplicaciones de la derivación -- Integrales -- Aplicacones de la integración -- Ecuaciones diferenciales -- Sucesiones y series infinitas -- vectores y geometría del espacio. Funciones vectoriales -- Derivadas parciales -- Integrales múltiples -- Cálculo vectorial.
526 _aSEG44
526 _aSEG26
526 _aP159
526 _aP155
526 _aP154
526 _aP153
526 _aP150
526 _aP100
526 _aP31
526 _aP30
526 _aP26
526 _aP25
526 _aP24
526 _aP22
526 _aP15
526 _aP10
541 _g003-001055;
650 0 4 _aCálculo.
650 0 4 _aGeometría analítica.
_921
910 _agl20090805
942 _2ddc
_cBOOK
949 _a515 S79
_wDEWEY
_c1
_i59873
_d2016-9-7
_e2016-9-7
_lCCODEBUL1
_mBUL
_n6
_p63.00
_r0
_sY
_tBOOK
_u2015-7-6
_xINGENIERIA
_PP27
_0COMPRA
_o.STAFF. Colección General
994 _aC0
_bPEPRU
596 _a1
999 _a515 S79
_wDEWEY
_c49404
_i59873
_d49404
_e2016-9-7
_f2021-11-5
_g7
_lCCODEBUL1
_mBUL
_n6
_p63.00
_r0
_sY
_tBOOK
_u2015-7-6
_xBIBLIOTECA
_PP27
_0COMPRA
_o.STAFF. Colección General
980 _81
_gALBERTO SANCHEZ Responsable de Automatización